[Event "Satka-255"]
[Site "Satka"]
[Date "2013.07.06"]
[Round "5"]
[White "Kanakin, Konstantin"]
[Black "Shelokov, Valery"]
[Result "0-1"]
[WhiteElo "1987"]
[BlackElo "1982"]
[PlyCount "60"]
[EventDate "2013.??.??"]
[EventType "swiss"]
[EventCountry "RUS"]
[SourceDate "2005.09.12"]

1. d4 Nf6 2. c4 g6 3. Nc3 d5 4. cxd5 Nxd5 5. e4 Nxc3 6. bxc3 Bg7 7. Nf3 O-O 8.
Be2 c5 9. O-O Nc6 10. Be3 cxd4 11. cxd4 b6 12. Rc1 Bb7 13. d5 Ne5 14. Nxe5 Bxe5
15. Bd4 Qd6 16. Bxe5 Qxe5 17. Qd3 Rac8 18. Bg4 Rxc1 19. Rxc1 Qf4 20. Qd1 Qxe4
21. Rc7 Bxd5 22. Bf3 Qf4 23. Rxa7 Bxf3 24. gxf3 Qg5+ 25. Kf1 Rc8 26. Qd4 h5 27.
Rd7 e6 28. Qxb6 Rc1+ 29. Ke2 Qe5+ 30. Kd2 Qc3+ 0-1

[Event "Satka-255"]
[Site "Satka"]
[Date "2013.07.06"]
[Round "5"]
[White "Tsvetkov, Pavel"]
[Black "Kurshev, Nikita"]
[Result "1-0"]
[WhiteElo "2123"]
[BlackElo "1822"]
[PlyCount "35"]
[EventDate "2013.??.??"]
[EventType "swiss"]
[EventCountry "RUS"]
[SourceDate "2005.09.12"]

1. e4 e6 2. d4 d5 3. e5 c5 4. c3 Qb6 5. Nf3 Bd7 6. Bd3 Bb5 7. dxc5 Bxc5 8. b4
Bxf2+ 9. Ke2 Bxd3+ 10. Qxd3 Nc6 11. Rf1 Nxe5 12. Nxe5 f6 13. Nf3 e5 14. Qxd5
Rd8 15. Qe4 Ne7 16. Rxf2 f5 17. Qc4 e4 18. Nd4 1-0

[Event "Satka-255"]
[Site "Satka"]
[Date "2013.07.06"]
[Round "5"]
[White "Polosin, Evgeni"]
[Black "Kiseleva, Olga"]
[Result "1-0"]
[WhiteElo "2114"]
[BlackElo "1737"]
[PlyCount "35"]
[EventDate "2013.??.??"]
[EventType "swiss"]
[EventCountry "RUS"]
[SourceDate "2005.09.12"]

1. e4 e5 2. Nf3 Nc6 3. d4 exd4 4. Bc4 Nf6 5. O-O Bc5 6. c3 Nxe4 7. cxd4 Bb6 8.
d5 Ne7 9. Qe2 Nd6 10. Bd3 h6 11. Re1 c6 12. Qe5 O-O 13. Qxe7 Qc7 14. Bf4 Bc5
15. Nc3 b5 16. Ne4 Re8 17. Qxe8+ Nxe8 18. Bxc7 1-0

[Event "Satka-255"]
[Site "Satka"]
[Date "2013.07.06"]
[Round "5"]
[White "Kuparev, Alexander"]
[Black "Bogachev, Victor"]
[Result "0-1"]
[WhiteElo "1804"]
[BlackElo "1932"]
[PlyCount "46"]
[EventDate "2013.??.??"]
[EventType "swiss"]
[EventCountry "RUS"]
[SourceDate "2005.09.12"]

1. e4 c6 2. d4 d5 3. e5 Bf5 4. Nc3 e6 5. g4 Bg6 6. Nge2 c5 7. Nf4 Qb6 8. Nxg6
hxg6 9. Be3 Nc6 10. Bb5 a6 11. dxc5 Bxc5 12. Bxc5 Qxc5 13. Bxc6+ bxc6 14. Qd3
Qb4 15. f3 d4 16. Qe4 Ne7 17. Rd1 Rd8 18. O-O c5 19. Rd3 Qxb2 20. Rb1 Qxc2 21.
Rb7 Qxh2+ 22. Kf1 Qh1+ 23. Kf2 Rh2+ 0-1

[Event "Satka-255"]
[Site "Satka"]
[Date "2013.07.06"]
[Round "5"]
[White "Looshnikov, Nikolai"]
[Black "Matveev, Vladimir"]
[Result "1/2-1/2"]
[WhiteElo "2491"]
[BlackElo "2345"]
[PlyCount "112"]
[EventDate "2013.??.??"]
[EventType "swiss"]
[EventCountry "RUS"]
[SourceDate "2005.09.12"]

1. e4 d6 2. d4 g6 3. Nc3 Bg7 4. f4 Nf6 5. Nf3 c5 6. dxc5 Qa5 7. Qd3 Qxc5 8. Be3
Qa5 9. Qb5+ Qxb5 10. Bxb5+ Bd7 11. O-O-O Nc6 12. Rhe1 a6 13. Bc4 b5 14. Bd5 Rc8
15. h3 e6 16. Bxc6 Bxc6 17. Bd4 O-O 18. Bxf6 Bxf6 19. Rxd6 b4 20. Nd1 Be7 21.
Rd2 a5 22. Nd4 Bh4 23. Re3 e5 24. Nxc6 exf4 25. Rf3 Rxc6 26. Rd5 Rfc8 27. c3 h6
28. Kc2 a4 29. Rxf4 Bg5 30. Rf3 Rb8 31. Ra5 b3+ 32. axb3 axb3+ 33. Kd3 Rd6+ 34.
Rd5 Ra6 35. c4 Ra1 36. Nc3 Rg1 37. Rf2 f5 38. exf5 gxf5 39. c5 Bf6 40. Rdxf5
Bxc3 41. Kxc3 Rc1+ 42. Kd2 Rc2+ 43. Kd3 Rd8+ 44. Ke3 Re8+ 45. Kf3 Rd8 46. Re2
Rdd2 47. Re8+ Kg7 48. Rb8 Rf2+ 49. Ke4 Rce2+ 50. Kd3 Rd2+ 51. Kc3 Rc2+ 52. Kxb3
Rxb2+ 53. Kc4 Rfc2+ 54. Kd3 Rd2+ 55. Ke3 Re2+ 56. Kd3 Red2+ 1/2-1/2

[Event "Satka-255"]
[Site "Satka"]
[Date "2013.07.06"]
[Round "5"]
[White "Imashev, Ildar"]
[Black "Vaseptsov, Maxim"]
[Result "1-0"]
[WhiteElo "2273"]
[BlackElo "2207"]
[PlyCount "71"]
[EventDate "2013.??.??"]
[EventType "swiss"]
[EventCountry "RUS"]
[SourceDate "2005.09.12"]

1. c4 Nf6 2. Nc3 e6 3. e4 d5 4. e5 d4 5. exf6 dxc3 6. bxc3 Qxf6 7. d4 Nc6 8.
Nf3 h6 9. Bd3 g5 10. O-O Bd6 11. Nd2 Qg7 12. Ne4 Be7 13. f4 f5 14. Nf2 Bf6 15.
Qh5+ Qf7 16. Ng4 Be7 17. Qxf7+ Kxf7 18. d5 Na5 19. fxg5 hxg5 20. dxe6+ Bxe6 21.
Bxf5 Bxc4 22. Rf2 Kg7 23. Be3 Nc6 24. Rb1 Rad8 25. Be4 Rhe8 26. Bxc6 bxc6 27.
Bd4+ Kg8 28. Nf6+ Bxf6 29. Rxf6 c5 30. Bxc5 Rd2 31. Rg6+ Kh7 32. Rxg5 Ree2 33.
Bd4 c6 34. Rg7+ Kh6 35. Rg3 Kh7 36. Rb7+ 1-0

[Event "Satka-255"]
[Site "Satka"]
[Date "2013.07.06"]
[Round "5"]
[White "Pleshakov, Anton"]
[Black "Panov, Maksim"]
[Result "0-1"]
[WhiteElo "2071"]
[BlackElo "2093"]
[PlyCount "122"]
[EventDate "2013.??.??"]
[EventType "swiss"]
[EventCountry "RUS"]
[SourceDate "2005.09.12"]

1. e4 c5 2. Nf3 d6 3. d4 cxd4 4. Nxd4 Nf6 5. Nc3 g6 6. Be3 Bg7 7. f3 O-O 8. Qd2
Nc6 9. g4 e6 10. O-O-O d5 11. g5 Nh5 12. f4 Nxd4 13. Bxd4 dxe4 14. Nxe4 Bxd4
15. Qxd4 Qxd4 16. Rxd4 Kg7 17. Nf2 e5 18. fxe5 Re8 19. Bc4 Rxe5 20. Rd8 Nf4 21.
h4 b5 22. Bb3 Bb7 23. Rhd1 Rxd8 24. Rxd8 Re1+ 25. Nd1 Bf3 26. c3 Re7 27. a4
bxa4 28. Bxa4 Ng2 29. Rd4 Re4 30. Rxe4 Bxe4 31. c4 Nxh4 32. Nc3 Bf5 33. c5 f6
34. gxf6+ Kxf6 35. Kd2 Ke5 36. c6 a6 37. Bb3 Nf3+ 38. Ke3 Nd4 39. Bc4 Nxc6 40.
Bxa6 h5 41. Bb7 Nb4 42. Bg2 g5 43. Ne2 Nd5+ 44. Bxd5 Kxd5 45. Ng3 Bg6 46. Kf3
h4 47. Nf1 Bh5+ 48. Kg2 Kd4 49. b4 Be2 50. Nd2 g4 51. Nb3+ Kc4 52. Nc1 Bf3+ 53.
Kh2 Kxb4 54. Nd3+ Kc3 55. Ne5 Kd4 56. Ng6 g3+ 57. Kh3 Ke3 58. Ne5 Be4 59. Nc4+
Kf2 60. Ne5 Bf5+ 61. Kxh4 g2 0-1

[Event "Satka-255"]
[Site "Satka"]
[Date "2013.07.06"]
[Round "5"]
[White "Myakota, Sergei"]
[Black "Yanko, Ivan"]
[Result "1-0"]
[WhiteElo "2049"]
[BlackElo "1641"]
[PlyCount "82"]
[EventDate "2013.??.??"]
[EventType "swiss"]
[EventCountry "RUS"]
[SourceDate "2005.09.12"]

1. Nf3 Nf6 2. c4 e6 3. Nc3 d5 4. d4 Nbd7 5. cxd5 exd5 6. g3 c6 7. Bg2 Bd6 8.
O-O O-O 9. b3 Re8 10. Bb2 Nf8 11. Re1 Ng6 12. Qc2 Bb4 13. Nd2 Bg4 14. f3 Be6
15. a3 Be7 16. Na4 Qd7 17. Rad1 Bh3 18. Nc5 Bxc5 19. dxc5 Bxg2 20. Kxg2 Ne5 21.
e4 Qc7 22. f4 Ned7 23. e5 Nh5 24. Nf3 Nf8 25. Nd4 Ne6 26. Nf5 b6 27. Nd6 Nxc5
28. b4 Ne4 29. Nxe4 dxe4 30. Qxe4 a5 31. g4 Nf6 32. exf6 Rxe4 33. Rxe4 g6 34.
Kg3 Rd8 35. Re7 Qc8 36. Rde1 h5 37. h3 axb4 38. axb4 c5 39. bxc5 bxc5 40. R1e3
Kh7 41. Rxf7+ Kg8 1-0

[Event "Satka-255"]
[Site "Satka"]
[Date "2013.07.06"]
[Round "5"]
[White "Semenova, Alena"]
[Black "Sofyin, Pavel"]
[Result "1/2-1/2"]
[WhiteElo "1951"]
[BlackElo "2026"]
[PlyCount "77"]
[EventDate "2013.??.??"]
[EventType "swiss"]
[EventCountry "RUS"]
[SourceDate "2005.09.12"]

1. e4 e6 2. d4 d5 3. Nd2 c5 4. exd5 Qxd5 5. dxc5 Qxc5 6. Ne4 Qc7 7. Nf3 Nd7 8.
Bd3 Ngf6 9. Nxf6+ Nxf6 10. O-O h6 11. h3 Bd6 12. Bd2 Bd7 13. Qe2 O-O 14. c4 Bc6
15. Nd4 Rad8 16. Bc3 Be7 17. Rad1 Rd7 18. Bb1 b6 19. Nxc6 Qxc6 20. Rxd7 Qxd7
21. Rd1 Qc7 22. Be5 Qc6 23. b3 Rd8 24. Rxd8+ Bxd8 25. Qd3 Be7 26. Kf1 Qd7 27.
Ke2 Qxd3+ 28. Bxd3 Nd7 29. Bd4 f5 30. Bc3 Kf7 31. b4 Bf6 32. Kd2 g6 33. Bc2
Bxc3+ 34. Kxc3 e5 35. Ba4 Ke6 36. Bxd7+ Kxd7 37. Kd3 Kd6 38. Ke3 Ke6 39. h4
1/2-1/2

[Event "Satka-255"]
[Site "Satka"]
[Date "2013.07.06"]
[Round "5"]
[White "Kazantsev, Nikita"]
[Black "Baigildin, Albert"]
[Result "0-1"]
[WhiteElo "1951"]
[BlackElo "2191"]
[PlyCount "124"]
[EventDate "2013.??.??"]
[EventType "swiss"]
[EventCountry "RUS"]
[SourceDate "2005.09.12"]

1. e4 c5 2. Nf3 e6 3. d4 cxd4 4. Nxd4 Nc6 5. Nxc6 bxc6 6. c4 Nf6 7. Bd3 e5 8.
O-O Be7 9. Be3 d6 10. f3 O-O 11. Nc3 Nh5 12. b4 Bg5 13. Bf2 Be6 14. Re1 g6 15.
Bf1 Qc7 16. b5 c5 17. Nd5 Bxd5 18. Qxd5 Nf4 19. Qd1 Ne6 20. a4 Nd4 21. a5 Rab8
22. Qd3 Qe7 23. Reb1 Bf4 24. g3 Bh6 25. Be1 f5 26. Bg2 Qg5 27. Ra3 fxe4 28.
Qxe4 Qf5 29. Qxf5 gxf5 30. b6 a6 31. g4 Bf4 32. Bh4 Rf7 33. Bg3 Bd2 34. gxf5
Bb4 35. Ra2 Rxf5 36. Be1 Bxe1 37. Rxe1 Rf4 38. Re4 Kf7 39. Rxf4+ exf4 40. Kf2
Ke6 41. Bh3+ Ke5 42. Ra1 Nc2 43. Rg1 Ne3 44. Rg7 Nxc4 45. Re7+ Kd4 46. Rd7 Nxa5
47. Rxd6+ Kc3 48. Bf1 c4 49. b7 Rxb7 50. Rxa6 Rb2+ 51. Kg1 Nb3 52. Bxc4 Kxc4
53. Ra4+ Kd3 54. Rxf4 Nd4 55. Rf7 h5 56. Kf1 Rxh2 57. f4 Ke4 58. Kg1 Ra2 59.
Rh7 h4 60. Kf1 Nf5 61. Kg1 Kf3 62. Rh5 Rg2+ 0-1

[Event "Satka-255"]
[Site "Satka"]
[Date "2013.07.06"]
[Round "5"]
[White "Povolotsky, Evgeny"]
[Black "Mikhailov, Vladimir"]
[Result "1/2-1/2"]
[WhiteElo "2079"]
[BlackElo "1872"]
[PlyCount "92"]
[EventDate "2013.??.??"]
[EventType "swiss"]
[EventCountry "RUS"]
[SourceDate "2005.09.12"]

1. d4 d5 2. c4 e6 3. Nc3 Nf6 4. Bg5 Be7 5. e3 Nbd7 6. Nf3 O-O 7. Bd3 dxc4 8.
Bxc4 c5 9. O-O cxd4 10. Nxd4 Nb6 11. Be2 Nfd5 12. Bxe7 Qxe7 13. Nxd5 exd5 14.
Qb3 Be6 15. a4 Rfc8 16. Rfc1 Rxc1+ 17. Rxc1 Rc8 18. Rxc8+ Nxc8 19. Qc3 Qd8 20.
a5 Ne7 21. Bd3 Qc8 22. Qxc8+ Nxc8 23. Kf1 h6 24. Ke2 Kf8 25. Kd2 Ke7 26. Kc3
Kd6 27. Nb5+ Kc6 28. b4 b6 29. a6 f6 30. h3 Bf7 31. Be2 Be6 32. Kd4 Bd7 33. g4
Be6 34. f4 Bf7 35. h4 Be6 36. Kc3 Kd7 37. Kd4 Kc6 38. g5 Bf7 39. Bf3 Be6 40.
Kc3 Bd7 41. Be2 Be6 42. Bf1 Bd7 43. Bd3 Be6 44. Nd4+ Kd6 45. Bf5 Bd7 46. Bxd7
Kxd7 1/2-1/2

[Event "Satka-255"]
[Site "Satka"]
[Date "2013.07.06"]
[Round "5"]
[White "Ivanov, Stepan"]
[Black "Soldatenkov, Anton"]
[Result "1/2-1/2"]
[WhiteElo "2021"]
[BlackElo "1796"]
[PlyCount "65"]
[EventDate "2013.??.??"]
[EventType "swiss"]
[EventCountry "RUS"]
[SourceDate "2005.09.12"]

1. d4 d5 2. c4 dxc4 3. e3 e5 4. Bxc4 exd4 5. exd4 Nf6 6. Nc3 Be7 7. Nf3 O-O 8.
h3 Nbd7 9. O-O Nb6 10. Bb3 c6 11. Bc2 Be6 12. Ne2 c5 13. Ng3 cxd4 14. Nf5 Bxf5
15. Bxf5 Qd5 16. Qd3 Nbd7 17. Bxd7 Qxd7 18. Qxd4 Qxd4 19. Nxd4 Bc5 20. Nf5 g6
21. Be3 Bxe3 22. Nxe3 Rfd8 23. Rfd1 Rac8 24. Kf1 Kf8 25. Ke2 Ke7 26. Rac1 Ke6
27. Rxd8 Rxd8 28. Rc7 Rd7 29. Rc8 Ne4 30. Re8+ Re7 31. Rxe7+ Kxe7 32. f3 Nc5
33. Nc4 1/2-1/2

[Event "Satka-255"]
[Site "Satka"]
[Date "2013.07.06"]
[Round "5"]
[White "Fedotov, Danil"]
[Black "Khafizova, Yana"]
[Result "0-1"]
[WhiteElo "1802"]
[BlackElo "1938"]
[PlyCount "132"]
[EventDate "2013.??.??"]
[EventType "swiss"]
[EventCountry "RUS"]
[SourceDate "2005.09.12"]

1. e4 e5 2. Nf3 Nc6 3. Bb5 a6 4. Ba4 Nf6 5. O-O b5 6. Bb3 Be7 7. Re1 d6 8. c3
O-O 9. h3 Nb8 10. d4 Nbd7 11. Nbd2 Bb7 12. Bc2 Re8 13. Nf1 Bf8 14. N3d2 g6 15.
g4 Bg7 16. Ng3 Nb6 17. Nf3 Qe7 18. Bg5 h6 19. Bc1 Nfd7 20. g5 h5 21. Nh4 Qe6
22. Kh2 c6 23. Bb3 Nc4 24. f4 exf4 25. Bxf4 Ndb6 26. Qc2 a5 27. a3 Rad8 28.
Rad1 Qd7 29. Qg2 Re7 30. Bc1 Rde8 31. Bc2 a4 32. Nf3 Re6 33. Re2 Qe7 34. Rde1
Kh8 35. Qf2 Bc8 36. Bd3 Qd7 37. Qf1 Rf8 38. Rf2 Ree8 39. Qg2 Qe6 40. Rfe2 Na5
41. Bf4 Nac4 42. Nf1 Qd7 43. Ne3 f6 44. Nh4 Kh7 45. Bxc4 bxc4 46. Nf3 Rxe4 47.
gxf6 Bxf6 48. Ng5+ Bxg5 49. Bxg5 d5 50. Nc2 Qd6+ 51. Qg3 Qxg3+ 52. Kxg3 Bf5 53.
Nb4 Rc8 54. Na6 Nd7 55. Rxe4 Bxe4 56. Be7 Re8 57. Bb4 Re6 58. Rf1 Bf5 59. h4
Nf6 60. Nc5 Re2 61. Nxa4 Ne4+ 62. Kf4 Nd2 63. Rh1 Kg7 64. Bd6 Re4+ 65. Kg3 Rg4+
66. Kh3 Rg1+ 0-1

[Event "Satka-255"]
[Site "Satka"]
[Date "2013.07.06"]
[Round "5"]
[White "Litvinenko, Ekaterina"]
[Black "Vyalykh, Anastasiya"]
[Result "1/2-1/2"]
[WhiteElo "1933"]
[BlackElo "1779"]
[PlyCount "79"]
[EventDate "2013.??.??"]
[EventType "swiss"]
[EventCountry "RUS"]
[SourceDate "2005.09.12"]

1. e4 c5 2. Nf3 d6 3. Bc4 e6 4. Qe2 a6 5. c3 Nf6 6. Bb3 Nc6 7. d4 b5 8. O-O Be7
9. e5 dxe5 10. dxe5 Nd7 11. Bf4 Bb7 12. Nbd2 c4 13. Bc2 Nc5 14. Ne4 Nxe4 15.
Bxe4 Qc7 16. Ng5 Bxg5 17. Bxg5 h6 18. Bh4 Ne7 19. f4 O-O 20. Rae1 Rad8 21. Bb1
Rd7 22. Bxe7 Rxe7 23. Qc2 g6 24. Qf2 Rd8 25. Rd1 Red7 26. Bc2 Qc6 27. h4 h5 28.
Rxd7 Rxd7 29. Rd1 Kg7 30. Qg3 Rxd1+ 31. Bxd1 Qe4 32. Bxh5 Qb1+ 33. Kh2 Qxb2 34.
Bg4 Be4 35. h5 Qxa2 36. hxg6 Bxg6 37. f5 exf5 38. Bxf5 Qd2 39. e6 Qh6+ 40. Kg1
1/2-1/2

[Event "Satka-255"]
[Site "Satka"]
[Date "2013.07.06"]
[Round "5"]
[White "Akhunova, Narkas"]
[Black "Akhunova, Syumbel"]
[Result "1/2-1/2"]
[WhiteElo "1749"]
[BlackElo "1842"]
[PlyCount "120"]
[EventDate "2013.??.??"]
[EventType "swiss"]
[EventCountry "RUS"]
[SourceDate "2005.09.12"]

1. e4 e5 2. Nf3 Nc6 3. Bb5 a6 4. Ba4 Nf6 5. O-O Be7 6. Re1 b5 7. Bb3 O-O 8. c3
d6 9. h3 Bb7 10. Bc2 Re8 11. d3 h6 12. Nbd2 Bf8 13. Nf1 g6 14. Bd2 Bg7 15. Bb3
Qe7 16. Qc1 Kh7 17. g4 Ng8 18. Ng3 Nb8 19. Kg2 Nd7 20. a3 Nc5 21. Bc2 Qe6 22.
Qd1 Qe7 23. Be3 Ne6 24. Ne2 c5 25. Rh1 d5 26. h4 dxe4 27. dxe4 Rad8 28. Qb1 c4
29. h5 g5 30. Ng3 Nc5 31. Nf5 Qc7 32. Nd2 Bf6 33. f3 Ne7 34. Nxe7 Bxe7 35. Nf1
Nd3 36. Ng3 Bc5 37. Bxd3 Bxe3 38. Be2 Bf4 39. Rd1 Qb6 40. Qc2 Re7 41. Nf5 Red7
42. Rxd7 Rxd7 43. Rd1 Qd8 44. Kf1 Rxd1+ 45. Bxd1 Bc6 46. Ke2 Qb6 47. Kf1 Qc5
48. Kg2 a5 49. Kf1 b4 50. axb4 axb4 51. cxb4 Qxb4 52. Be2 Bb5 53. Qc3 Qa4 54.
Nd6 Qa1+ 55. Kg2 Ba6 56. Nxf7 Qc1 57. Nd6 Qxc3 58. bxc3 Bd2 59. Nxc4 Bxc4 60.
Bxc4 Bxc3 1/2-1/2

[Event "Satka-255"]
[Site "Satka"]
[Date "2013.07.06"]
[Round "5"]
[White "Muksimova, Oksana"]
[Black "Allayarova, Lira"]
[Result "1-0"]
[WhiteElo "1807"]
[BlackElo "1599"]
[PlyCount "75"]
[EventDate "2013.??.??"]
[EventType "swiss"]
[EventCountry "RUS"]
[SourceDate "2005.09.12"]

1. d4 d5 2. Nf3 Nf6 3. c4 c6 4. e3 a6 5. Nc3 b5 6. cxb5 cxb5 7. Bd3 e6 8. Bd2
Bb7 9. Ne2 Be7 10. Nc1 Nbd7 11. Nb3 O-O 12. Ba5 Qe8 13. O-O Bd6 14. Rc1 Qe7 15.
Qd2 Rfc8 16. Rxc8+ Rxc8 17. Rc1 h6 18. Rxc8+ Bxc8 19. Qc2 Bb7 20. Bc7 Kf8 21.
Na5 Ba8 22. Bxd6 Qxd6 23. Qc8+ Ne8 24. Qxa8 Qb6 25. Qc6 Qxa5 26. Qxd7 Qc7 27.
Qxc7 Nxc7 28. Kf1 f6 29. Ke2 Ke7 30. Nd2 Kd6 31. f4 f5 32. Kf2 Ke7 33. Be2 Kf6
34. h3 g6 35. Nb3 Ke7 36. Nc5 Kd8 37. g4 Ke7 38. a4 1-0

[Event "Satka-255"]
[Site "Satka"]
[Date "2013.07.07"]
[Round "6"]
[White "Panov, Maksim"]
[Black "Looshnikov, Nikolai"]
[Result "1-0"]
[WhiteElo "2093"]
[BlackElo "2491"]
[PlyCount "63"]
[EventDate "2013.??.??"]
[EventType "swiss"]
[EventCountry "RUS"]
[SourceDate "2005.09.12"]

1. c4 e5 2. Nc3 Nf6 3. Nf3 Nc6 4. g3 Bb4 5. Bg2 O-O 6. O-O Bxc3 7. bxc3 Re8 8.
d3 e4 9. Ng5 exd3 10. exd3 d6 11. Ne4 Nxe4 12. Bxe4 Qf6 13. Rb1 Rxe4 14. dxe4
Qxc3 15. Qb3 Qf6 16. Bb2 Qh6 17. f4 b6 18. Rbc1 Ba6 19. Rfe1 Rd8 20. Qd3 Kf8
21. e5 Bb7 22. exd6 cxd6 23. Ba3 Ne7 24. Rc2 f5 25. Rce2 Be4 26. Rxe4 fxe4 27.
Qxe4 Rd7 28. Bb2 Kf7 29. f5 Rc7 30. f6 gxf6 31. Qe6+ Kg7 32. Qxd6 1-0

[Event "Satka-255"]
[Site "Satka"]
[Date "2013.07.07"]
[Round "6"]
[White "Matveev, Vladimir"]
[Black "Imashev, Ildar"]
[Result "1-0"]
[WhiteElo "2345"]
[BlackElo "2273"]
[PlyCount "71"]
[EventDate "2013.??.??"]
[EventType "swiss"]
[EventCountry "RUS"]
[SourceDate "2005.09.12"]

1. d4 f5 2. g3 Nf6 3. Bg2 g6 4. Nh3 Bg7 5. c3 Nc6 6. Nf4 O-O 7. h4 Qe8 8. Na3
a6 9. Nc4 d6 10. Qb3 Qf7 11. h5 gxh5 12. d5 Ne5 13. Nxe5 dxe5 14. Ne6 Bxe6 15.
dxe6 Qg6 16. Qxb7 Rac8 17. Bc6 Kh8 18. Qxa6 f4 19. gxf4 Rcd8 20. Qa4 e4 21. Bd2
Qf5 22. O-O-O Qxe6 23. Be3 Rxd1+ 24. Rxd1 h4 25. Bd4 e3 26. fxe3 Ng4 27. Bd7
Qg6 28. Rg1 h5 29. Bxg4 hxg4 30. Qd7 Bxd4 31. Qxd4+ e5 32. Qxe5+ Kg8 33. Qd5+
Kh8 34. Qd4+ Rf6 35. f5 Qxf5 36. Rxg4 1-0

[Event "Satka-255"]
[Site "Satka"]
[Date "2013.07.07"]
[Round "6"]
[White "Shelokov, Valery"]
[Black "Myakota, Sergei"]
[Result "1-0"]
[WhiteElo "1982"]
[BlackElo "2049"]
[PlyCount "67"]
[EventDate "2013.??.??"]
[EventType "swiss"]
[EventCountry "RUS"]
[SourceDate "2005.09.12"]

1. d4 Nf6 2. Nc3 d5 3. Bg5 g6 4. h4 Bg7 5. Qd2 Ne4 6. Nxe4 dxe4 7. O-O-O Qd5 8.
b3 Nc6 9. e3 a5 10. Bc4 Qd6 11. c3 h6 12. Bf4 e5 13. Bg3 O-O 14. f3 Bf5 15. h5
g5 16. Ne2 Rad8 17. Bh2 exf3 18. gxf3 Qe7 19. e4 Bc8 20. d5 Kh8 21. Qc2 Nb8 22.
Bg1 f5 23. exf5 c6 24. Bb6 Rde8 25. d6 Qf6 26. Ng3 Nd7 27. Be3 b5 28. Be6 Rxe6
29. fxe6 Qxe6 30. Rhf1 Nf6 31. Ne4 Nd5 32. Bxg5 hxg5 33. Nxg5 Bh6 34. Qh7# 1-0

[Event "Satka-255"]
[Site "Satka"]
[Date "2013.07.07"]
[Round "6"]
[White "Baigildin, Albert"]
[Black "Semenova, Alena"]
[Result "1/2-1/2"]
[WhiteElo "2191"]
[BlackElo "1951"]
[PlyCount "268"]
[EventDate "2013.??.??"]
[EventType "swiss"]
[EventCountry "RUS"]
[SourceDate "2005.09.12"]

1. e4 c5 2. Nf3 e6 3. d4 cxd4 4. Nxd4 Nc6 5. Nc3 Qc7 6. Be2 a6 7. O-O Nf6 8.
Be3 Bb4 9. Na4 Be7 10. Nxc6 bxc6 11. Nb6 Rb8 12. Nxc8 Qxc8 13. Bd4 Qc7 14. e5
Nd5 15. c4 Nf4 16. g3 Nxe2+ 17. Qxe2 O-O 18. Rad1 f6 19. Rd3 Rb7 20. Rfd1 Rf7
21. h4 fxe5 22. Bxe5 Qc8 23. Kg2 Bc5 24. f4 Qf8 25. Qg4 Re7 26. h5 h6 27. R1d2
Qf5 28. Qxf5 exf5 29. Kf3 Rf7 30. g4 fxg4+ 31. Kxg4 Bb4 32. Rd1 Bc5 33. R1d2
Bb4 34. Re2 Bc5 35. Bc3 Kf8 36. Re5 Be7 37. Ra5 Ra7 38. b4 Bd8 39. Rf5 Be7 40.
a3 Rxf5 41. Kxf5 Kf7 42. Re3 Bf8 43. Re5 Bd6 44. Ra5 Bc7 45. Ra4 Bb6 46. Ke4 d6
47. Bd4 Bxd4 48. Kxd4 Ke6 49. b5 c5+ 50. Ke4 a5 51. f5+ Kd7 52. b6 Ra6 53. Kd5
Rxb6 54. Rxa5 Ke7 55. Ra7+ Kf6 56. a4 Rb4 57. a5 Ra4 58. a6 Kxf5 59. Rf7+ Kg5
60. Rxg7+ Kxh5 61. a7 Ra6 62. Ke6 Kh4 63. Rb7 Kg4 64. Kd7 Kf4 65. Kc8 Ke4 66.
Rd7 Rxa7 67. Rxa7 d5 68. cxd5 Kxd5 69. Kc7 Ke4 70. Kc6 c4 71. Kc5 c3 72. Kb4 c2
73. Rc7 h5 74. Rxc2 Kf3 75. Rc5 h4 76. Rh5 Kg3 77. Kc3 h3 78. Kd3 h2 79. Ke2
Kg2 80. Rg5+ Kh1 81. Rf5 Kg1 82. Rf1+ Kg2 83. Rf8 h1=Q 84. Rg8+ Kh2 85. Kf2 Qa1
86. Rg2+ Kh3 87. Rg3+ Kh4 88. Re3 Qa2+ 89. Kf3 Qd5+ 90. Kf4 Qf7+ 91. Ke4 Kg4
92. Kd4 Qa7+ 93. Ke4 Qa4+ 94. Kd5 Kf4 95. Re6 Qb5+ 96. Kd6 Kf5 97. Re7 Qb4+ 98.
Kd7 Kf6 99. Re6+ Kf7 100. Rc6 Qb7+ 101. Kd6 Qb5 102. Rc5 Qd3+ 103. Rd5 Qa6+
104. Ke5 Qf6+ 105. Ke4 Ke6 106. Rc5 Qh4+ 107. Kd3 Kd6 108. Rc4 Qg3+ 109. Kc2
Kd5 110. Rc3 Qf2+ 111. Kb3 Qf4 112. Rd3+ Kc5 113. Rc3+ Kb5 114. Kc2 Qe4+ 115.
Kb2 Qe2+ 116. Kb3 Qe6+ 117. Ka3 Qd6+ 118. Kb3 Qd4 119. Kc2 Kb4 120. Rb3+ Kc4
121. Ra3 Qf2+ 122. Kb1 Qe1+ 123. Kb2 Qd2+ 124. Kb1 Kb4 125. Ra2 Qd1+ 126. Kb2
Qd4+ 127. Kc2 Qe4+ 128. Kb2 Qd3 129. Kc1 Qf1+ 130. Kc2 Qf5+ 131. Kb2 Qf2+ 132.
Kb1 Qe1+ 133. Kb2 Qd1 134. Ra1 Qd2+ 1/2-1/2

[Event "Satka-255"]
[Site "Satka"]
[Date "2013.07.07"]
[Round "6"]
[White "Sofyin, Pavel"]
[Black "Kanakin, Konstantin"]
[Result "1/2-1/2"]
[WhiteElo "2026"]
[BlackElo "1987"]
[PlyCount "74"]
[EventDate "2013.??.??"]
[EventType "swiss"]
[EventCountry "RUS"]
[SourceDate "2005.09.12"]

1. e4 c5 2. Nf3 Nc6 3. d4 cxd4 4. Nxd4 g6 5. Be3 Bg7 6. c4 d6 7. Nc3 Nf6 8. Be2
O-O 9. Qd2 Ne8 10. f4 Nc7 11. O-O Nxd4 12. Bxd4 e5 13. Be3 exf4 14. Bxf4 Ne6
15. Be3 Be5 16. Bf3 Ng7 17. Bd4 Be6 18. Nd5 Bxd4+ 19. Qxd4 Bxd5 20. Qxd5 Qe7
21. Rad1 Rad8 22. Rd2 Ne6 23. Bg4 Nc5 24. Re2 Qe5 25. b4 Qxd5 26. exd5 Nd3 27.
Re7 Nxb4 28. Rxb7 Nxa2 29. Ra1 Nc3 30. Raxa7 Ra8 31. Rxf7 Rxa7 32. Rxa7 Rf4 33.
Bf3 Rxc4 34. Rd7 Nb5 35. Be2 Rc1+ 36. Kf2 Nc3 37. Bf3 Nb5 1/2-1/2

[Event "Satka-255"]
[Site "Satka"]
[Date "2013.07.07"]
[Round "6"]
[White "Vaseptsov, Maxim"]
[Black "Grigorieva, Yulia"]
[Result "1-0"]
[WhiteElo "2207"]
[BlackElo "1754"]
[PlyCount "95"]
[EventDate "2013.??.??"]
[EventType "swiss"]
[EventCountry "RUS"]
[SourceDate "2005.09.12"]

1. e4 e5 2. Nf3 Nc6 3. Bb5 Nf6 4. d3 d6 5. c3 Be7 6. O-O O-O 7. Nbd2 a6 8. Ba4
b5 9. Bc2 Re8 10. Re1 Bf8 11. d4 Bb7 12. a3 Qd7 13. Nf1 g6 14. d5 Ne7 15. b3 c6
16. c4 cxd5 17. cxd5 Bg7 18. Bb2 Qc7 19. Rc1 Qb6 20. Ne3 Bh6 21. Bd3 Bxe3 22.
Rxe3 Ng4 23. Re2 f5 24. Ng5 fxe4 25. Bxe4 Nf6 26. Bf3 Bxd5 27. Rd2 Qb7 28. Rxd5
Nexd5 29. h4 Rac8 30. Rxc8 Rxc8 31. h5 Qc6 32. Qd2 Re8 33. Ne4 Qc7 34. hxg6
hxg6 35. Qg5 Kg7 36. Bc1 Rh8 37. Ng3 Qd7 38. Be2 Nc3 39. Bd3 e4 40. Bb2 Rc8 41.
Bxe4 Nfxe4 42. Nxe4 Qe6 43. Qe3 d5 44. Bxc3+ Kg8 45. Qd4 Kf8 46. Qg7+ Ke8 47.
Nf6+ Kd8 48. Ba5+ 1-0

[Event "Satka-255"]
[Site "Satka"]
[Date "2013.07.07"]
[Round "6"]
[White "Khafizova, Yana"]
[Black "Tsvetkov, Pavel"]
[Result "1-0"]
[WhiteElo "1938"]
[BlackElo "2123"]
[PlyCount "67"]
[EventDate "2013.??.??"]
[EventType "swiss"]
[EventCountry "RUS"]
[SourceDate "2005.09.12"]

1. d4 Nf6 2. c4 c5 3. d5 b5 4. cxb5 a6 5. b6 g6 6. Nc3 Bg7 7. g3 d6 8. Bg2 Nbd7
9. Nf3 O-O 10. O-O Nxb6 11. Re1 Rb8 12. Nd2 e6 13. e4 exd5 14. exd5 Bf5 15. Nb3
Qd7 16. Bf4 Rfe8 17. Na5 Ng4 18. Nc6 Rxe1+ 19. Qxe1 Re8 20. Qd1 Ne5 21. Bxe5
Bxe5 22. Qb3 Qc7 23. Re1 Bd7 24. Nxe5 Rxe5 25. Rxe5 dxe5 26. Ne4 Bf5 27. Nf6+
Kf8 28. g4 Ke7 29. d6+ Qxd6 30. Qxb6 Qd1+ 31. Bf1 Bd3 32. Nd5+ Kf8 33. Qd8+ Kg7
34. Ne3 1-0